30 Rock Characters by Picture Quiz Stats

 Plays Quiz Updated Jun 9, 2014

Challenge
Share
Tweet
Score 0/40 Timer 07:00
1 Play Today
Number Character % Correct
1Liz Lemon
98.3%
4Tracy Jordan
95.9%
2Jack Donaghy
94.4%
5Kenneth Parcell
86.8%
3Jenna Maroney
85.9%
13Dot Com Slattery
77.5%
12Grizz Griswold
70.7%
11J.D. Lutz
69.1%
9James 'Toofer' Spurlock
66.6%
28Dr. Leo Spaceman
63%
7Frank Rossitano
61.3%
6Pete Hornberger
60.2%
14Johnathan
53.5%
19Dennis Duffy
50.8%
26Avery Jessup
49.5%
8Cerie Xerox
47.4%
17Kathy Geiss
47.3%
37Milton Greene
45.3%
22Wesley Snipes
42.8%
20Floyd DeBarber
42.3%
Number Character % Correct
30Angie Jordan
39.4%
36Carol
39.1%
18Devon Banks
38.6%
32Greenzo
37.8%
16Don Geiss
37.4%
27Colleen Donaghy
37.1%
10Jack 'Danny' Baker
35%
15Josh Girard
34.3%
23Celeste 'C.C.' Cunningham
32%
25Nancy Donovan
29.3%
34Paul Lastname
29%
21Dr. Drew Baird
21.9%
24Elisa Pedrera
20%
39Phoebe
19.1%
40Sue LaRoche-Van der Hout
18.6%
29Moonvest
18%
35Verna Maroney
15.4%
38Bianca Donaghy
14.6%
33Jamie
13.4%
31Lenny Wosniak
7.7%

You're not logged in!

Compare scores with friends on all Sporcle quizzes.
Join for Free
OR
Log In

You Might Also Like...

Show Comments

Extras

Top Quizzes Today


Score Distribution

Your Account Isn't Verified!

In order to create a playlist on Sporcle, you need to verify the email address you used during registration. Go to your Sporcle Settings to finish the process.

Report this User

Report this user for behavior that violates our Community Guidelines.

Details: